000 01156nam a2200313 i 4500
001 163912
003 ES-MaACL
005 20250728035712.0
008 931025s1886 sp |||| | spa d
040 _aPAB
_bspa
_cPAB
080 _a591.5
080 _a591.5
100 1 _aRomanes, George John.
_9132022
245 1 3 _aLa inteligencia animal
_b: parte primera, invertebrados /
_cobra escrita en ingles por George J. Romanes ; vertida directamente de la 3ª edición al español por Manuel Antón y Ferrandiz.
260 _aMadrid :
_bFortanet,
_c1886 (
_fImprenta de Fortanet)
300 _a368 p. ;
_c22 cm.
490 1 _aBiblioteca científica internacional ;
_v1
500 _aNo se publicó más.
650 0 4 _aAnimales-
_xConducta.
_99833
650 4 _aAnimales-
_xInteligencia.
_9147546
700 1 _aAntón y Ferrándiz, Manuel,
_d1849-1929
_921958
830 0 0 _aBiblioteca científica internacional
_v1
_9234654
852 _aES-MaACL
_jD-4875
_z
_xEnc. ed. en tela
852 _aES-MaACL
_jF-14387
942 _2udc
_cMONOGRAFIA
_n0
999 _c163912
_d163912